书目信息 |
| 题名: |
锻造工艺与模具设计
|
|
| 作者: | 闫洪 主编 | |
| 分册: | ||
| 出版信息: | 北京 机械工业出版社 2020.1 |
|
| 页数: | 10,339页 | |
| 开本: | 26cm | |
| 丛书名: | ||
| 单 册: | ||
| 中图分类: | TG316 , TG315.2 | |
| 科图分类: | ||
| 主题词: | 锻造--教材--工艺学--高等学校 , 锻模--教材--设计--高等学校 , 锻造 , 锻模 | |
| 电子资源: | ||
| ISBN: | 978-7-111-36662-1 | |
| 000 | 01049nam0 2200289 45 | |
| 001 | 012001002628 | |
| 005 | 20141008093917.0 | |
| 010 | @a978-7-111-36662-1@dCNY42.00 | |
| 100 | @a20120223d2012 em y0chiy50 ea | |
| 101 | 0 | @achi |
| 102 | @aCN@b110000 | |
| 105 | @aa z 000yy | |
| 106 | @ar | |
| 200 | 1 | @a锻造工艺与模具设计@Aduan zao gong yi yu mu ju she ji@f闫洪主编 |
| 210 | @a北京@c机械工业出版社@d2020.1 | |
| 215 | @a10,339页@c图@d26cm | |
| 300 | @a普通高等教育“十二五”规划教材 | |
| 330 | @a本书对锻造技术作了全面、系统的介绍,共分13章,内容包括:绪论、锻造用材料准备、锻造的加热规范、自由锻造工艺、模锻成形工序分析、锤上模锻、机械压力机上模锻、螺旋压力机上模锻、平锻机上模锻、液压机上模锻、模锻后续工序、特种锻造、锻造工艺的技术经济分析。 | |
| 606 | 0 | @a锻造@j教材@x工艺学@x高等学校 |
| 606 | 0 | @a锻模@j教材@x设计@x高等学校 |
| 606 | 0 | @a锻造 |
| 606 | 0 | @a锻模 |
| 690 | @aTG316@v5 | |
| 690 | @aTG315.2@v5 | |
| 701 | 0 | @a闫洪@Ayan hong@f(1964.5~)@4主编 |
| 801 | 2 | @aCN@bBJSDL@c20211018 |
| 905 | @b1344525-8@dTG316@e22@f4 | |
| 锻造工艺与模具设计/闫洪主编.-北京:机械工业出版社,2020.1 |
| 10,339页:图;26cm |
| 普通高等教育“十二五”规划教材 |
| ISBN 978-7-111-36662-1:CNY42.00 |
| 本书对锻造技术作了全面、系统的介绍,共分13章,内容包括:绪论、锻造用材料准备、锻造的加热规范、自由锻造工艺、模锻成形工序分析、锤上模锻、机械压力机上模锻、螺旋压力机上模锻、平锻机上模锻、液压机上模锻、模锻后续工序、特种锻造、锻造工艺的技术经济分析。 |
| ● |
| 相关链接 |
|
|
|
|
正题名:锻造工艺与模具设计
索取号:TG316/22
 
预约/预借
| 序号 | 登录号 | 条形码 | 馆藏地/架位号 | 状态 | 备注 |
| 1 | 1344525 | 213445253 | 第二样本阅览室/ [索取号:TG316/22] | 在馆 | |
| 2 | 1344526 | 213445262 | 第三借阅区/ [索取号:TG316/22] | 在馆 | |
| 3 | 1344527 | 213445271 | 第三借阅区/ [索取号:TG316/22] | 在馆 | |
| 4 | 1344528 | 213445280 | 第三借阅区/ [索取号:TG316/22] | 在馆 |